Brawl Stars Brawlers - Statistics

General Stats
  • This quiz has been taken 60,398 times
    1,242 since last reset
  • The average score is 61 of 105
Answer Stats
Rarity Brawler % Correct
Starting Shelly
94%
Rare Colt
87%
Rare Bull
82%
Legendary Crow
82%
Rare Nita
81%
Rare El Primo
80%
Legendary Spike
79%
Legendary Leon
78%
Rare Rosa
78%
Rare Brock
75%
Rare Barley
74%
Epic Bo
74%
Mythic Buzz
74%
Rare Poco
74%
Mythic Mortis
73%
Super rare Rico
73%
Super rare Dynamike
72%
Super rare Jessie
72%
Epic Edgar
71%
Epic Frank
71%
Epic Piper
70%
Ultra Legendary Sirius
69%
Ultra Legendary Kaze
68%
Legendary Surge
68%
Super rare Darryl
66%
Epic Emz
66%
Legendary Kit
66%
Super rare Tick
66%
Super rare 8-Bit
65%
Super rare Jacky
65%
Super rare Penny
65%
Legendary Sandy
64%
Legendary Amber
63%
Epic Bibi
63%
Epic Pam
63%
Legendary Meg
62%
Mythic Tara
62%
Legendary Kenji
61%
Epic Mandy
61%
Super rare Carl
60%
Epic Colette
60%
Collab Buzz Lightyear
59%
Legendary Chester
59%
Legendary Draco
59%
Super rare Gus
59%
Epic Bea
58%
Legendary Cordelius
58%
Epic Gale
56%
Mythic Gene
56%
Epic Griff
56%
Legendary Pierce
56%
Mythic Doug
55%
Epic Grom
55%
Epic Larry & Lawrie
55%
Mythic Byron
54%
Mythic Damian
54%
Mythic Fang
54%
Mythic Najia
54%
Epic Stu
54%
Epic Hank
53%
Mythic Lou
53%
Mythic Max
53%
Mythic Mr.P
53%
Mythic Sprout
53%
Epic Belle
52%
Mythic Chuck
52%
Mythic Lily
52%
Epic Nani
52%
Epic Sam
52%
Epic Angelo
51%
Mythic Janet
51%
Epic Berry
50%
Mythic Lumi
50%
Mythic Mico
50%
Epic Trunk
50%
Mythic Willow
50%
Epic Bonnie
49%
Mythic Ruffs
49%
Mythic Squeak
49%
Mythic Gray
48%
Epic Lola
48%
Mythic Melodie
48%
Epic Ash
47%
Mythic Eve
47%
Epic Maisie
47%
Mythic Otis
47%
Mythic R-T
47%
Epic Shade
47%
Mythic Alli
46%
Mythic Charlie
46%
Mythic Juju
46%
Epic Pearl
46%
Mythic Buster
45%
Mythic Glowy
45%
Mythic Clancy
44%
Mythic Finx
44%
Mythic Moe
44%
Mythic Mina
43%
Mythic Gigi
42%
Epic Meeple
42%
Mythic Ollie
42%
Mythic Jae-Yong
41%
Mythic Ziggy
40%
Mythic Starr Nova
37%
Epic Bolt
35%
No matching quizzes found
Score Distribution
Percent of People with Each Score
Percentile by Number Answered
Your Score History
You have not taken this quiz since the last reset